| 000 | 00846namaa22001691 4500 | ||
|---|---|---|---|
| 001 | 174060 | ||
| 003 | ES-MaACL | ||
| 005 | 20230906215427.0 | ||
| 008 | 100210s1910 sp |||| | spa d | ||
| 100 | 1 |
_aFernández-Shaw, Carlos, _d1865-1911 _950098 |
|
| 245 | 1 | 4 |
_aLas Figuras del "Quijote" _b: comedia en dos actos y en verso / _cde Carlos Fernández Shaw basada en la comedia lírica del mismo autor La Venta de Don Quijote. |
| 260 |
_aMadrid : _bSociedad de Autores Españoles, _c1910 ( _fR. Velasco) |
||
| 300 |
_a85, [8] p. ; _c19 cm. |
||
| 500 | _aEn port.: Teatro Lara - 3 de marzo de 1910. | ||
| 852 |
_aES-MaACL _jF-8649(5) _z.- Enc. hol. conservando la cub. original _z.- Enc. en un vol. facticio formando parte de la col. facticia "Teatro español moderno" v. 108 _z.- Dedicatoria autógrafa del autor |
||
| 999 |
_c174060 _d174060 |
||